000 00660nam a2200205 i 4500
001 19957
003 ES-MaACL
005 20230906152212.0
007 t|
008 020711s2001 sp ||||1| spa d
020 _a84-9734-014-0
080 _a929 Trastámara, Juana de, Infanta de Castilla
100 1 _aArteaga, Almudena de.
_923435
245 1 3 _aLa Beltraneja
_b: el pecado oculto de Isabel la Católica /
_cAlmudena de Arteaga.
250 _a6ª ed.
260 _aMadrid :
_bLa Esfera de los Libros,
_c2001.
300 _a205 p. ;
_c25 cm.
600 1 4 _aTrastámara, Juana de
_cInfanta de Castilla.
_9111241
852 _aES-MaACL
_jL-25945
_bR.131551
999 _c19957
_d19957